[Event "8th Dubai Open"]
[Site "Dubai UAE"]
[Date "2006.04.25"]
[Round "3"]
[White "El Taher,F"]
[Black "Pantsulaia,L"]
[Result "1/2-1/2"]
[WhiteElo "2468"]
[BlackElo "2611"]
[EventDate "2006.04.23"]

1. e4 c6 2. d4 d5 3. Nc3 dxe4 4. Nxe4 Bf5 5. Ng3 Bg6 6. Nf3 Nd7 7. h4 h6 8.
h5 Bh7 9. Bd3 Bxd3 10. Qxd3 e6 11. Bf4 Qa5+ 12. Bd2 Qc7 13. O-O-O Ngf6 14.
Ne4 O-O-O 15. g3 Nxe4 16. Qxe4 Nf6 17. Qe2 Bd6 18. Kb1 Rd7 19. c4 c5 20.
Ne5 Bxe5 21. dxe5 Ng8 22. Qf3 Ne7 23. Qxf7 Qc6 24. Ba5 b6 25. Bc3 Rhd8 26.
Rde1 Nf5 27. Qg6 Qf3 28. Qxe6 Kb7 29. a3 Rd3 30. Rc1 Rxc3 31. bxc3 Rd2 32.
g4 Nh4 33. Ka1 Qe2 34. Rc2 Rxc2 35. Qd7+ 1/2-1/2

[Event "8th Dubai Open"]
[Site "Dubai UAE"]
[Date "2006.04.25"]
[Round "3"]
[White "Miroshnichenko,E"]
[Black "Adly,A"]
[Result "1-0"]
[WhiteElo "2608"]
[BlackElo "2460"]
[EventDate "2006.04.23"]

1. Nf3 d5 2. d4 Nf6 3. c4 e6 4. Nc3 c6 5. Bg5 Nbd7 6. e3 Qa5 7. Nd2 Bb4 8.
Qc2 Ne4 9. Ncxe4 dxe4 10. Bh4 O-O 11. a3 g5 12. Bg3 f5 13. O-O-O Be7 14. h4
c5 15. d5 Qb6 16. d6 Bf6 17. hxg5 Bxg5 18. Nxe4 fxe4 19. Qxe4 Rf7 20. Qg4
Rg7 21. Qxe6+ Kf8 22. Qf5+ Bf6 23. Rd2 Rf7 24. Qc2 Kg8 25. Bd3 Nf8 26. Bf4
Be6 27. g4 Qc6 28. Be4 Qa6 29. Bd5 Re8 30. g5 Bh8 31. Rh6 Qb6 32. Bxe6 Rxe6
33. Rxe6 Nxe6 34. g6 Rxf4 35. exf4 Nd4 36. gxh7+ Kf7 37. Qe4 Qxd6 38. Kb1
Qc6 39. f3 Qxe4+ 40. fxe4 Kg7 41. Rh2 Nf3 42. Rh5 Nd2+ 43. Kc2 Nxe4 44. Re5
Nd6 45. Rxc5 Kxh7 46. Rc7+ Kg6 47. c5 Ne4 48. b4 a5 49. bxa5 Bd4 50. c6
bxc6 51. a6 Kf5 52. Rf7+ Ke6 53. a7 Bxa7 54. Rxa7 Nd6 55. Kd3 Kd5 56. Rd7
c5 57. a4 1-0

[Event "8th Dubai Open"]
[Site "Dubai UAE"]
[Date "2006.04.25"]
[Round "3"]
[White "Ghaem Maghami,E"]
[Black "Habu,Y"]
[Result "1-0"]
[WhiteElo "2584"]
[BlackElo "2382"]
[EventDate "2006.04.23"]

1. e4 c5 2. Nf3 d6 3. c3 Nf6 4. Bd3 Nc6 5. Bc2 Bg4 6. d3 e6 7. Nbd2 d5 8.
h3 Bh5 9. Qe2 Be7 10. g4 Bg6 11. Nh4 Nd7 12. Nxg6 hxg6 13. Nf3 Qc7 14. Be3
O-O-O 15. O-O-O Nb6 16. h4 d4 17. cxd4 Nxd4 18. Bxd4 cxd4 19. e5 Na4 20.
Kb1 Nc5 21. h5 gxh5 22. gxh5 g6 23. hxg6 Rxh1 24. Rxh1 fxg6 25. Rh7 Rd5 26.
Rg7 g5 27. Rg8+ Rd8 28. Rg7 Rd5 29. Qd1 Qd8 30. Qh1 Qf8 31. Rh7 Bd8 32. Qh5
Rd7 33. Rxd7 Nxd7 34. Qg4 Bc7 35. Bb3 Kb8 36. Qxe6 Nc5 37. Qf6 Qe8 38. Bf7
Qa4 39. Qh8+ 1-0

[Event "8th Dubai Open"]
[Site "Dubai UAE"]
[Date "2006.04.25"]
[Round "3"]
[White "Satyapragyan,S"]
[Black "Fedorchuk,S"]
[Result "0-1"]
[WhiteElo "2403"]
[BlackElo "2576"]
[EventDate "2006.04.23"]

1. e4 c5 2. Nf3 d6 3. d4 cxd4 4. Nxd4 Nf6 5. Nc3 a6 6. Be3 e6 7. Be2 Nbd7
8. f4 Qc7 9. Bf3 Rb8 10. g4 Nb6 11. g5 Nfd7 12. Qe2 Nc4 13. O-O-O Nxe3 14.
Qxe3 Nb6 15. Nf5 Bd7 16. Rhe1 Rc8 17. Qd4 exf5 18. exf5+ Kd8 19. f6 Rg8 20.
Kb1 Nc4 21. Nd5 Qc5 22. Ne7 Bxe7 23. fxe7+ Ke8 24. Bd5 Qxd4 25. Rxd4 Na5
26. h4 Nc6 27. Rd2 Rc7 28. Bb3 Nxe7 29. Rxd6 Rf8 30. Rd4 f6 31. Rde4 Bc6
32. R4e3 fxg5 33. fxg5 0-1

[Event "8th Dubai Open"]
[Site "Dubai UAE"]
[Date "2006.04.25"]
[Round "3"]
[White "Lalith,B"]
[Black "Kotsur,P"]
[Result "0-1"]
[WhiteElo "2240"]
[BlackElo "2570"]
[EventDate "2006.04.23"]

1. Nf3 c5 2. c4 Nc6 3. d4 cxd4 4. Nxd4 Nf6 5. g3 e5 6. Nb5 d6 7. N1c3 a6 8.
Na3 h6 9. Bg2 Be6 10. Nd5 Rc8 11. O-O Be7 12. Be3 O-O 13. Rc1 Ng4 14. Bb6
Qd7 15. e4 Nf6 16. Nc2 Bd8 17. c5 Bxd5 18. exd5 Ne7 19. Bxd8 Rfxd8 20. cxd6
Qxd6 21. Ne3 b5 22. Qb3 e4 23. Rxc8 Rxc8 24. Rd1 Rd8 25. Qc2 Qe5 26. d6
Rxd6 27. Rxd6 Qxd6 28. Bxe4 Nxe4 29. Qxe4 g6 30. h4 Kg7 31. Kg2 h5 32. a3
Kf6 33. Kf3 Qe5 34. Qa8 Qd6 35. Qe4 Kg7 36. Kg2 Qf6 37. Qb7 Qe6 38. Qa8 Nc6
39. Qxa6 Qe4+ 40. f3 Qxe3 41. Qxc6 Qe2+ 42. Kg1 Qxb2 43. Qc5 Qe2 44. Qc3+
Kg8 45. Qc8+ Kh7 46. Qc3 Kg8 47. Qc8+ Kg7 48. Qc3+ Kh7 49. Qf6 Qd1+ 50. Kg2
Qd2+ 51. Kg1 Kg8 52. Qe7 Qd4+ 53. Kg2 Kg7 54. Qe2 Qc5 55. Qd3 Qe5 56. Qc2
Qd4 57. Qe2 Qd5 58. Qb2+ f6 59. Qe2 Kf7 60. Qc2 Qe5 61. Qb3+ Ke7 62. Qc2 f5
63. Qc6 Qb2+ 64. Kg1 Qxa3 65. Qc7+ Ke6 66. Kg2 Qb2+ 67. Kh3 Qe5 68. Qc6+
Kf7 69. Qd7+ Kg8 70. Qd8+ Kg7 71. Qd7+ Kh6 72. Qd2+ Kg7 73. Qd7+ Kf8 74.
Qd8+ Qe8 75. Qd6+ Kf7 76. Qd5+ Kg7 77. Qd4+ Kh7 78. Qa7+ Kh6 79. Qd4 Qc8
80. Kg2 Kh7 81. Qa7+ Kg8 82. Qb6 Qe8 83. Kh3 Kf7 84. Qb7+ Ke6 85. f4 Kd6
86. Qg7 Qe6 87. Qf8+ Kd5 88. Qd8+ Qd6 89. Qa5 Qc5 90. Qd2+ Qd4 91. Qa2+ Qc4
92. Qd2+ Kc6 93. Qd8 Qd5 94. Qa8+ Kc5 95. Qa7+ Kd6 96. Qb8+ Kd7 97. Qa7+
Kc8 98. Qa6+ Kc7 99. Qa7+ Qb7 100. Qc5+ Qc6 101. Qa7+ Kc8 102. Kh2 b4 103.
Qe7 Qc2+ 104. Kh3 Qe4 105. Qc5+ Kd7 106. Qb5+ Qc6 107. Qd3+ Kc7 108. Kh2
Qc5 109. Qb3 Qd6 110. Qc2+ Kb6 111. Qc4 Qc5 112. Qe6+ Qc6 113. Qe3+ Kb5
114. Qd3+ Ka4 115. Qd4 Qc2+ 116. Kh3 Qe4 117. Qa1+ Kb5 118. Qf1+ Kb6 119.
Qf2+ Kb7 120. Qf1 Kb6 121. Qf2+ Kc6 122. Qf1 b3 123. Qa6+ Kc5 124. Qa5+ Kc4
125. Qa4+ Kc3 126. Qa5+ Kc2 127. Qc5+ Kd3 128. Qd6+ Ke2 129. Qa6+ Kf2 130.
Qb6+ Qe3 0-1

[Event "8th Dubai Open"]
[Site "Dubai UAE"]
[Date "2006.04.25"]
[Round "3"]
[White "Petrosian,TL"]
[Black "Sethuraman,S"]
[Result "1-0"]
[WhiteElo "2571"]
[BlackElo "2231"]
[EventDate "2006.04.23"]

1. e4 e5 2. Nf3 Nc6 3. d4 exd4 4. Bc4 Nf6 5. e5 d5 6. Bb5 Ne4 7. Nxd4 Bd7
8. Bxc6 bxc6 9. O-O Bc5 10. f3 Ng5 11. Be3 O-O 12. f4 Ne4 13. Nd2 Nxd2 14.
Qxd2 Re8 15. Nb3 Bb6 16. a4 a5 17. Bc5 Bf5 18. Qc3 Be4 19. Nd4 Qd7 20. Rf2
Rac8 21. b4 Ra8 22. bxa5 Bxa5 23. Qe3 Reb8 24. Nb3 Ra6 25. h3 Rba8 26. Rd1
Qe8 27. Bd4 Bb6 28. a5 c5 29. axb6 cxd4 30. Rxd4 cxb6 31. Rb4 Qc6 32. f5
Qc7 33. e6 fxe6 34. fxe6 Qd6 35. Qf4 Qxe6 36. Nc5 Ra1+ 37. Kh2 Qf5 38. Nxe4
Qxf4+ 39. Rxf4 dxe4 40. Rfxe4 Rc1 41. Rec4 Ra2 42. Rc8+ Kf7 43. Rc7+ Ke6
44. Rxb6+ Kd5 45. Rxg7 Rcxc2 46. Rh6 Ke4 47. Rhxh7 Ke3 48. Rg3+ Ke4 49. Rh5
Rf2 50. Rg4+ Kd3 51. Kg1 Rfb2 52. Rd5+ Ke3 53. Re5+ Kd3 54. Re1 Kd2 55.
Rge4 Kd3 56. R1e3+ Kd2 57. Re2+ Kd3 58. Rxb2 Ra1+ 59. Re1 Rxe1+ 60. Kf2 Re8
61. Rb3+ Kd4 62. Rf3 Ra8 63. h4 Rh8 64. g3 Ra8 65. Rf4+ Ke5 66. Kf3 Rh8 67.
Kg4 Rg8+ 68. Kh3 Rh8 69. Rf1 Rb8 70. h5 1-0

[Event "8th Dubai Open"]
[Site "Dubai UAE"]
[Date "2006.04.25"]
[Round "3"]
[White "Semiev,S"]
[Black "Anastasian,A"]
[Result "0-1"]
[WhiteElo "2302"]
[BlackElo "2553"]
[EventDate "2006.04.23"]

1. Nf3 Nf6 2. g3 b5 3. Bg2 Bb7 4. O-O e6 5. d3 c5 6. e4 d5 7. exd5 Nxd5 8.
c4 Nb4 9. cxb5 a6 10. Na3 axb5 11. Nxb5 Qd7 12. Na3 N8c6 13. Nc4 Qxd3 14.
Qxd3 Nxd3 15. Rd1 Ndb4 16. a3 Nd5 17. Ne3 Na5 18. Nxd5 Bxd5 19. Ne5 f6 20.
Nd3 Nb3 21. Rb1 Be7 22. Be3 Bxg2 23. Kxg2 Rd8 24. Nf4 Kf7 25. h4 c4 26. Ne2
e5 27. Nc3 Ke6 28. Rxd8 Rxd8 29. Rd1 Nd4 30. f4 h5 31. fxe5 fxe5 32. Rd2
Bf6 33. Kf2 Rf8 34. Kg2 Rb8 35. Ne4 Kd5 36. Nc3+ Kc6 37. Kh3 Rb3 38. Bf2 g5
39. hxg5 Bxg5 40. Rd1 Ne6 41. Ne4 Be7 42. Rc1 Nf4+ 43. Kh2 Nd3 44. Rxc4+
Kd5 45. Rc3 Rxb2 46. Rxd3+ Kxe4 47. Re3+ Kf5 48. Kg1 e4 49. Rc3 Bf6 50. Rc6
Ra2 51. Ra6 Bc3 52. Ra4 Bd2 53. Bb6 e3 54. Ba5 Ra1+ 55. Kg2 Bxa5 56. Rxa5+
Ke4 57. Ra8 e2 58. Re8+ Kd3 59. Rd8+ Kc4 0-1

[Event "8th Dubai Open"]
[Site "Dubai UAE"]
[Date "2006.04.25"]
[Round "3"]
[White "Abbasov,F"]
[Black "Joshi,GB"]
[Result "1-0"]
[WhiteElo "2467"]
[BlackElo "2269"]
[EventDate "2006.04.23"]

1. d4 d5 2. c4 e6 3. cxd5 exd5 4. Nc3 c6 5. Qc2 g6 6. Bf4 Bf5 7. Qd2 Nf6 8.
f3 Bg7 9. g4 Be6 10. Bg2 h5 11. g5 Nfd7 12. h4 Nb6 13. b3 O-O 14. e3 a5 15.
a4 Na6 16. Nge2 Nb4 17. O-O Nc8 18. Na2 Na6 19. Rad1 Ne7 20. Bg3 Qb6 21.
Nac1 Nb4 22. Bf2 Rad8 23. Nd3 Nxd3 24. Qxd3 Rd7 25. Nf4 Bf5 26. Qc3 c5 27.
dxc5 Qc7 28. Qd2 Rfd8 29. Ne2 Be6 30. Nd4 Qxc5 31. Nxe6 fxe6 32. e4 Qb4 33.
Bh3 Qd6 34. Qxa5 Kh7 35. Kg2 d4 36. Bg3 e5 37. Bxd7 Rxd7 38. Qb5 Nc6 39.
Rc1 Nd8 40. Rc5 Qe7 41. Rd5 Rc7 42. Rf2 Nf7 43. a5 Rc6 44. a6 Rxa6 45. Rd7
1-0

[Event "8th Dubai Open"]
[Site "Dubai UAE"]
[Date "2006.04.25"]
[Round "3"]
[White "Bistric,F"]
[Black "Darini,P"]
[Result "1-0"]
[WhiteElo "2430"]
[BlackElo "2194"]
[EventDate "2006.04.23"]

1. e4 d5 2. Nc3 d4 3. Nce2 e5 4. Nf3 Nc6 5. Ng3 g6 6. Bb5 Bg7 7. Bxc6+ bxc6
8. d3 Ne7 9. O-O O-O 10. b3 f5 11. exf5 Bxf5 12. Nd2 Nd5 13. Nc4 Qh4 14.
Bd2 Rae8 15. Re1 e4 16. dxe4 Bxe4 17. Qc1 h6 18. Nb2 Nc3 19. Nd1 Nxd1 20.
Qxd1 Kh7 21. Bb4 Rg8 22. Nxe4 Rxe4 23. Rxe4 Qxe4 24. Qd3 Re8 25. Qxe4 Rxe4
26. Re1 Rxe1+ 27. Bxe1 Kg8 28. Kf1 Kf7 29. Ke2 Ke6 30. Kd3 Kd5 31. Bd2 c5
32. Bf4 c6 33. h3 a6 34. Bc7 Bf6 35. f4 g5 36. g4 gxf4 37. Bxf4 Bg7 38. Bd2
Ke6 1-0

[Event "8th Dubai Open"]
[Site "Dubai UAE"]
[Date "2006.04.25"]
[Round "3"]
[White "Gupta,Ab"]
[Black "Ramaswamy,A"]
[Result "1-0"]
[WhiteElo "2449"]
[BlackElo "2239"]
[EventDate "2006.04.23"]

1. d4 Nf6 2. c4 e6 3. Nc3 Bb4 4. Qc2 O-O 5. a3 Bxc3+ 6. Qxc3 b6 7. Nf3 Bb7
8. e3 d6 9. Be2 Nbd7 10. O-O c5 11. b4 Qe7 12. Bb2 Rfc8 13. Qb3 d5 14. Rfd1
cxd4 15. Bxd4 Ba6 16. Rac1 Rc7 17. b5 Bb7 18. Qb2 Rac8 19. cxd5 Bxd5 20.
Rxc7 Rxc7 21. Ne5 Qd8 22. Nc6 Qe8 23. Qb4 Bxc6 24. bxc6 Nb8 25. Bxf6 gxf6
26. Qd6 Rxc6 27. Qg3+ Kh8 28. Bb5 Qf8 29. Bxc6 Nxc6 30. Qc7 1-0

[Event "8th Dubai Open"]
[Site "Dubai UAE"]
[Date "2006.04.25"]
[Round "3"]
[White "Kulicov,O"]
[Black "Bajarani,U"]
[Result "1-0"]
[WhiteElo "2407"]
[BlackElo "2084"]
[EventDate "2006.04.23"]

1. e4 e6 2. d4 d5 3. Nc3 Bb4 4. e5 b6 5. Qg4 Bf8 6. Bg5 Qd7 7. f4 Ne7 8.
Bxe7 Qxe7 9. Nxd5 Qd7 10. Nc3 Qxd4 11. Qf3 c6 12. Bd3 Bc5 13. Nge2 Qe3 14.
Qxe3 Bxe3 15. b4 Nd7 16. Nd1 Bxf4 17. Nxf4 Nxe5 18. Be4 f5 19. Nd3 Nxd3+
20. Bxd3 O-O 21. O-O g6 22. Re1 Kg7 23. Nb2 Kf6 24. Nc4 Bb7 25. Nd6 Rab8
26. Bc4 e5 27. Rad1 Ba8 28. Nf7 Rxf7 29. Bxf7 Kxf7 30. Rxe5 Kf6 31. Re3 c5
32. Rd6+ Kg5 33. b5 Be4 34. c4 Rb7 35. a4 Kf4 36. Ra3 Ke5 37. Rd8 a5 38.
Kf2 Re7 39. Re3 Re6 40. Rd5+ Kf6 41. Rd7 h5 42. g3 Ke5 43. Re2 Rf6 44. h4
Re6 45. Ke3 Bb1 46. Red2 Be4 47. Rf7 Bb1 48. Rd5+ 1-0

[Event "8th Dubai Open"]
[Site "Dubai UAE"]
[Date "2006.04.25"]
[Round "3"]
[White "Narayanan,S"]
[Black "Sarsam,S"]
[Result "0-1"]
[WhiteElo "2170"]
[BlackElo "2399"]
[EventDate "2006.04.23"]

1. e4 d6 2. d4 Nf6 3. Nc3 g6 4. Be3 c6 5. Qd2 Bg7 6. f3 b5 7. Bh6 Bxh6 8.
Qxh6 e5 9. Nge2 Nbd7 10. Qd2 Bb7 11. g3 Qe7 12. Bg2 a6 13. Nc1 exd4 14.
Qxd4 c5 15. Qd2 b4 16. N3e2 d5 17. Nb3 dxe4 18. fxe4 Bxe4 19. Bxe4 Nxe4 20.
Qh6 a5 21. a3 a4 22. axb4 cxb4 23. O-O f5 24. Ned4 Ndf6 25. Nc6 Qb7 26.
Nbd4 Rc8 27. Ne5 Qa7 28. Rad1 Rg8 29. Qe3 Qc5 30. Nxf5 gxf5 31. Qxc5 Rxc5
32. Nd3 Rxc2 33. Rxf5 Rg5 34. Rf3 Kf7 35. Ra1 Ra5 36. b3 a3 37. Nxb4 Rc3
38. Nd3 Kg7 39. b4 Ra8 40. b5 Nd2 41. Re3 Nd5 0-1

[Event "8th Dubai Open"]
[Site "Dubai UAE"]
[Date "2006.04.25"]
[Round "3"]
[White "Krivoshey,S"]
[Black "Sadatnajafi,M"]
[Result "1-0"]
[WhiteElo "2531"]
[BlackElo "2222"]
[EventDate "2006.04.23"]

1. d4 Nf6 2. Nf3 d5 3. c4 e6 4. Nc3 Nbd7 5. cxd5 exd5 6. Bg5 Be7 7. e3 O-O
8. Qc2 Nb6 9. Bd3 g6 10. h3 Re8 11. O-O Nh5 12. Bxe7 Qxe7 13. Rae1 Be6 14.
Ne5 Ng7 15. f3 c5 16. Qf2 Rac8 17. f4 c4 18. Bc2 Bf5 19. Bxf5 Nxf5 20. g4
Nd6 21. Qg2 f6 22. Nxd5 Nxd5 23. Qxd5+ Kg7 24. f5 c3 25. bxc3 Rxc3 26. Re2
Qc7 27. fxg6 hxg6 28. Ref2 fxe5 29. dxe5 Nf5 30. gxf5 Qxe5 31. Qxb7+ Kh6
32. Qg2 Rg8 33. Qg4 Qxe3 34. Qh4+ Kg7 35. f6+ Kf7 36. Kg2 Qe5 37. Rf3 Rc5
38. Qh7+ Kf8 39. Qh6+ Kf7 40. Qh7+ Kf8 41. Kh1 Rc2 42. Qh6+ Kf7 43. Qh7+
Kf8 44. Qh6+ Kf7 45. R1f2 Rxf2 46. Rxf2 Qh5 47. Qe3 Qd5+ 48. Kg1 1-0

[Event "8th Dubai Open"]
[Site "Dubai UAE"]
[Date "2006.04.25"]
[Round "3"]
[White "Babaev,Ra"]
[Black "Baum,B"]
[Result "1-0"]
[WhiteElo "2481"]
[BlackElo "2202"]
[EventDate "2006.04.23"]

1. e4 e5 2. Nf3 d6 3. d4 exd4 4. Nxd4 Nf6 5. Nc3 Be7 6. Bf4 O-O 7. Qd2 Nc6
8. O-O-O Nxd4 9. Qxd4 Be6 10. f3 Nd7 11. Kb1 Bf6 12. Qd2 Nc5 13. g4 a6 14.
Nd5 Bxd5 15. Qxd5 Qe7 16. Bc1 g6 17. h4 Rfd8 18. g5 Bg7 19. Qd2 b5 20. h5
Rab8 21. hxg6 hxg6 22. Qe1 Na4 23. f4 b4 24. Bc4 Nc3+ 25. Ka1 c6 26. bxc3
Bxc3+ 27. Bb2 1-0

[Event "8th Dubai Open"]
[Site "Dubai UAE"]
[Date "2006.04.25"]
[Round "3"]
[White "Doostkam,P"]
[Black "Kayumov,S"]
[Result "1/2-1/2"]
[WhiteElo "2188"]
[BlackElo "2426"]
[EventDate "2006.04.23"]

1. c4 Nf6 2. Nc3 e5 3. Nf3 Nc6 4. e3 Bb4 5. Qc2 Bxc3 6. Qxc3 Qe7 7. a3 d5
8. d4 exd4 9. Nxd4 Nxd4 10. Qxd4 O-O 11. c5 a5 12. b3 b6 13. cxb6 c5 14.
Qf4 Ne4 15. Bb2 d4 16. Bd3 f5 17. O-O Ba6 18. Bxa6 Rxa6 19. exd4 Rxb6 20.
dxc5 Rxb3 21. Qe5 Qxe5 22. Bxe5 Rc8 23. Bd4 Rd3 24. Be3 f4 1/2-1/2

[Event "8th Dubai Open"]
[Site "Dubai UAE"]
[Date "2006.04.25"]
[Round "3"]
[White "Sareen,V"]
[Black "Ihsan,J"]
[Result "1-0"]
[WhiteElo "2386"]
[BlackElo "2172"]
[EventDate "2006.04.23"]

1. e4 c5 2. Nf3 d6 3. d4 cxd4 4. Nxd4 Nf6 5. Nc3 a6 6. Bc4 Nbd7 7. Bg5 Qa5
8. Qd2 e6 9. Bb3 b5 10. f3 Bb7 11. O-O-O Be7 12. Kb1 Nc5 13. a3 Nxb3 14.
Nxb3 Qc7 15. Bxf6 gxf6 16. f4 O-O-O 17. f5 d5 18. exd5 Bxd5 19. Nxd5 Rxd5
20. Qe3 Rxf5 21. Rd3 Kb8 22. Rc3 Qd6 23. Na5 Rc5 24. Qf3 Rd5 25. Nc6+ Kb7
26. Nb4 1-0

[Event "8th Dubai Open"]
[Site "Dubai UAE"]
[Date "2006.04.25"]
[Round "3"]
[White "Mohannad,A"]
[Black "Prathamesh,S"]
[Result "0-1"]
[WhiteElo "2160"]
[BlackElo "2366"]
[EventDate "2006.04.23"]

1. d4 Nf6 2. c4 e6 3. Qc2 c5 4. dxc5 Bxc5 5. Nc3 a6 6. Nf3 Qb6 7. e3 Qc7 8.
Be2 Be7 9. O-O O-O 10. e4 d6 11. Bg5 b6 12. Rfd1 Bb7 13. Rd2 Nbd7 14. Re1
Rac8 15. Bf1 Rfe8 16. Rdd1 Qb8 17. Nd4 Ne5 18. Bxf6 Bxf6 19. b3 Ng6 20. Qd2
Red8 21. Qe3 Qc7 22. Na4 Ba8 23. Nf3 Rb8 24. Rc1 Bc6 25. Nc3 Qe7 26. Nd4
Ba8 27. Qd2 Bg5 28. Qc2 Bxc1 29. Qxc1 Qf6 30. Qe3 Ne5 31. f4 Ng4 32. Qd2 e5
33. Nf5 g6 34. h3 gxf5 35. hxg4 fxg4 36. f5 Qh4 37. Be2 b5 38. cxb5 axb5
39. b4 Rbc8 40. Rd1 h6 41. Qe3 g3 42. Bf3 Rc4 43. a3 Rdc8 44. Ne2 d5 45.
exd5 e4 46. Kf1 exf3 47. Qxf3 Rg4 48. Qd3 Qh1+ 0-1

[Event "8th Dubai Open"]
[Site "Dubai UAE"]
[Date "2006.04.25"]
[Round "3"]
[White "Sharbaf,M"]
[Black "Salman,Ma"]
[Result "1-0"]
[WhiteElo "2362"]
[BlackElo "2163"]
[EventDate "2006.04.23"]

1. d4 Nf6 2. Nc3 g6 3. e4 d6 4. f4 Bg7 5. Nf3 O-O 6. e5 dxe5 7. fxe5 Nd5 8.
Bc4 c6 9. O-O Na6 10. Qe1 f6 11. Qh4 Nac7 12. Bh6 Be6 13. Rae1 Bf7 14. Ne4
Ne6 15. Bxg7 Kxg7 16. Bxd5 cxd5 17. exf6+ exf6 18. Nc5 Re8 19. Ne5 Nf8 20.
Nxf7 Kxf7 21. Rxe8 Qxe8 22. Qxf6+ Kg8 23. Qf3 b6 24. Qxd5+ Kg7 25. Nd3 Rd8
26. Qf3 Ne6 27. Qf6+ Kg8 28. Re1 1-0

[Event "8th Dubai Open"]
[Site "Dubai UAE"]
[Date "2006.04.25"]
[Round "3"]
[White "Bashirinia,O"]
[Black "Othman,A"]
[Result "0-1"]
[WhiteElo "2122"]
[BlackElo "2360"]
[EventDate "2006.04.23"]

1. e4 d6 2. d4 Nf6 3. Nc3 g6 4. g3 Bg7 5. Bg2 O-O 6. Nge2 e5 7. h3 Nc6 8.
Bg5 exd4 9. Nxd4 Nxd4 10. Qxd4 h6 11. Bd2 Nxe4 12. Qxe4 Re8 13. O-O-O Rxe4
14. Bxe4 c6 15. Rhe1 Bxh3 16. Re2 d5 17. Bh1 Qf6 18. Rde1 Be6 0-1

[Event "8th Dubai Open"]
[Site "Dubai UAE"]
[Date "2006.04.25"]
[Round "3"]
[White "Sergeeva,M"]
[Black "Laabi Chian,M"]
[Result "0-1"]
[WhiteElo "2355"]
[BlackElo "2145"]
[EventDate "2006.04.23"]

1. e4 c5 2. Nf3 e6 3. d4 cxd4 4. Nxd4 Nf6 5. Nc3 d6 6. Be3 a6 7. f3 b5 8.
Qd2 Bb7 9. g4 b4 10. Na4 d5 11. e5 Nfd7 12. f4 Nc6 13. Bg2 Nxd4 14. Bxd4
Qh4+ 15. Qf2 Qxg4 16. O-O g6 17. Kh1 Be7 18. Nc5 Bc6 19. Nxd7 Bxd7 20. Bc5
Rc8 21. Bxe7 Kxe7 22. Qb6 Rhd8 23. Qxb4+ Ke8 24. Qd2 Rc5 25. c3 Rdc8 26.
Rf3 h5 27. Qf2 d4 28. h3 Qf5 29. Qxd4 Rc4 30. Qe3 Bc6 31. Rf2 Bxg2+ 32.
Kxg2 Rd8 33. b3 Rc7 34. Rf3 Rcd7 35. Raf1 Rd3 36. Qc5 Qe4 37. Qc4 Rd2+ 38.
Kg3 h4+ 39. Kxh4 g5+ 40. Kg4 Rg2+ 41. Rg3 Rxg3+ 42. Kxg3 Rd3+ 0-1

[Event "8th Dubai Open"]
[Site "Dubai UAE"]
[Date "2006.04.25"]
[Round "3"]
[White "Marcial,A"]
[Black "Bajarani,I"]
[Result "0-1"]
[WhiteElo "2110"]
[BlackElo "2352"]
[EventDate "2006.04.23"]

1. d4 Nf6 2. e3 g6 3. Bd3 Bg7 4. f4 O-O 5. Nf3 c5 6. c3 b6 7. O-O Ba6 8.
Bxa6 Nxa6 9. Qe2 Qc8 10. e4 Qb7 11. Re1 cxd4 12. cxd4 d5 13. exd5 Nxd5 14.
Nc3 Nac7 15. Kh1 e6 16. Bd2 Rfd8 17. Rad1 Qa6 18. a3 Qxe2 19. Rxe2 Rac8 20.
g3 Nxc3 21. Bxc3 Nd5 22. Rd3 Rd7 23. Nd2 Rdc7 24. Ne4 Bf8 25. Be1 Rc1 26.
Kg2 h6 27. h4 R8c2 28. Kf2 Rxe2+ 29. Kxe2 f5 30. Nc3 Rc2+ 31. Kf3 Rxb2 32.
Nxd5 exd5 33. Rc3 Ra2 34. Rc8 Rxa3+ 35. Ke2 Ra2+ 36. Kd3 Ra3+ 37. Kc2 Ra4
38. Kd3 Kf7 39. Rd8 Ra3+ 40. Kc2 Re3 41. Bd2 Rxg3 42. Rxd5 Be7 43. h5 Bf6
44. hxg6+ Kxg6 45. Rd6 h5 46. Re6 Kf7 47. d5 h4 48. Re2 h3 49. d6 Rg2 50.
Re1 h2 51. Rh1 Bd4 52. Kd3 Bg1 53. Be1 Ke6 54. Kc4 a6 55. Bc3 Rc2 56. Kd3
Rxc3+ 57. Kxc3 Kxd6 58. Kc4 b5+ 59. Kb4 Kd5 0-1

[Event "8th Dubai Open"]
[Site "Dubai UAE"]
[Date "2006.04.25"]
[Round "3"]
[White "Ayyad,M"]
[Black "Ghane,S"]
[Result "0-1"]
[WhiteElo "2104"]
[BlackElo "2352"]
[EventDate "2006.04.23"]

1. d4 Nf6 2. Nf3 d5 3. Bf4 c5 4. e3 Nc6 5. c3 Qb6 6. Qb3 c4 7. Qxb6 axb6 8.
Nbd2 b5 9. a3 b4 10. cxb4 Nxb4 11. Rc1 Nc6 12. Be2 Bf5 13. O-O h6 14. Bd1
e6 15. Ne5 Be7 16. Bc2 c3 17. bxc3 Bxa3 18. Bxf5 Bxc1 19. Rxc1 exf5 20. Rb1
O-O 21. Rxb7 Nxe5 22. Bxe5 Ra1+ 23. Nf1 Ne4 24. Rb2 f6 25. Bg3 Rc1 26. f3
Nxc3 27. h4 Ra8 0-1

[Event "8th Dubai Open"]
[Site "Dubai UAE"]
[Date "2006.04.26"]
[Round "4"]
[White "Ghaem Maghami,E"]
[Black "Izoria,Z"]
[Result "1/2-1/2"]
[WhiteElo "2584"]
[BlackElo "2647"]
[EventDate "2006.04.23"]

1. d4 c6 2. c4 d5 3. Nf3 Nf6 4. e3 Bf5 5. Bd3 Bxd3 6. Qxd3 e6 7. O-O Nbd7
8. Rd1 Be7 9. Nc3 O-O 10. e4 dxe4 11. Nxe4 Nxe4 12. Qxe4 Nf6 13. Qe2 Qc7
14. Bg5 Rfe8 15. Rac1 1/2-1/2

[Event "8th Dubai Open"]
[Site "Dubai UAE"]
[Date "2006.04.26"]
[Round "4"]
[White "Fedorchuk,S"]
[Black "Sargissian,G"]
[Result "1/2-1/2"]
[WhiteElo "2576"]
[BlackElo "2612"]
[EventDate "2006.04.23"]

1. e4 e5 2. Nf3 Nc6 3. Bb5 a6 4. Ba4 Nf6 5. O-O Be7 6. Re1 b5 7. Bb3 O-O 8.
h3 Bb7 9. d3 d6 10. a4 Na5 11. Ba2 c5 12. Nbd2 bxa4 13. Nf1 c4 14. Ng3 g6
15. Bh6 Re8 16. dxc4 Nd7 17. c5 Nxc5 18. Qd2 Ne6 19. Bxe6 fxe6 20. Rxa4 Nc6
21. c3 1/2-1/2

[Event "8th Dubai Open"]
[Site "Dubai UAE"]
[Date "2006.04.26"]
[Round "4"]
[White "Taleb,M"]
[Black "Petrosian,TL"]
[Result "1/2-1/2"]
[WhiteElo "2452"]
[BlackElo "2571"]
[EventDate "2006.04.23"]

1. d4 Nf6 2. c4 g6 3. f3 d5 4. cxd5 Nxd5 5. e4 Nb6 6. Nc3 Bg7 7. Be3 O-O 8.
Qd2 Nc6 9. O-O-O e5 10. d5 Nd4 11. f4 c5 12. fxe5 Bg4 13. Re1 Bxe5 14. h3
Qh4 15. Bd3 Bd7 16. Nf3 Nxf3 17. gxf3 f5 18. Bg5 Qg3 19. f4 Bxc3 20. bxc3
fxe4 21. Re3 Qxe3 22. Qxe3 exd3 23. Qxd3 Rae8 24. d6 Re6 25. Rd1 Kg7 26.
Qg3 h6 27. Be7 Rf5 28. Re1 Nd5 29. Rxe6 Bxe6 30. Qe1 Nxf4 31. Qe4 Bd5 32.
Qxf4 Rxf4 33. d7 Rf1+ 34. Kb2 Rf2+ 35. Kc1 Rf1+ 36. Kb2 Rf2+ 37. Kc1
1/2-1/2

[Event "8th Dubai Open"]
[Site "Dubai UAE"]
[Date "2006.04.26"]
[Round "4"]
[White "Sarsam,S"]
[Black "Abbasov,F"]
[Result "0-1"]
[WhiteElo "2399"]
[BlackElo "2467"]
[EventDate "2006.04.23"]

1. d4 g6 2. e4 Bg7 3. Nf3 c6 4. Bc4 d5 5. exd5 cxd5 6. Bd3 Bg4 7. c3 Nc6 8.
h3 Bxf3 9. Qxf3 e6 10. O-O Nge7 11. Qe2 O-O 12. Nd2 a6 13. Nf3 Qc7 14. Bg5
Rae8 15. Rfe1 Kh8 16. Bh4 Nc8 17. Bg3 Qd8 18. Ne5 N6e7 19. Bc2 Nd6 20. f4
f5 21. Bh4 Qc7 22. Bf2 Ne4 23. Be3 Nc8 24. Bd3 Ncd6 25. Kh2 Qe7 26. g3 Rg8
27. Rac1 Rc8 28. Rg1 Bf6 29. c4 Bxe5 30. dxe5 Nxc4 31. Bxc4 dxc4 32. Rxc4
Rxc4 33. Qxc4 Rd8 34. Rc1 Qd7 35. Qe2 Qd5 36. Rc4 Qa5 37. a3 Rd7 38. h4 h5
39. Rd4 Rxd4 40. Bxd4 Qd5 41. Qe3 Kh7 42. Bc3 Qd1 43. Kg2 Kh6 44. Bb4 Qc2+
45. Kg1 Qb1+ 46. Qe1 Qxb2 47. Qe3 Qb1+ 48. Kg2 Qc2+ 49. Kg1 Qd1+ 50. Kg2
Qd5 51. Qb6 Qc6 52. Qd4 Kh7 53. Kh2 Qb5 54. Kg1 a5 55. Be1 b6 56. Qd8 Qc5+
57. Kg2 Qc6 58. Kh2 Kg7 59. Qe7+ Kg8 60. a4 Qc8 61. Kh1 Nc5 62. g4 fxg4 63.
Bf2 Qb7+ 64. Qxb7 Nxb7 65. Bxb6 Kf7 66. Kg2 Ke7 67. Be3 Kd7 68. Kg3 Kc6 69.
f5 exf5 70. Kf4 Kd5 71. Bb6 Nc5 72. Kg5 g3 0-1

[Event "8th Dubai Open"]
[Site "Dubai UAE"]
[Date "2006.04.26"]
[Round "4"]
[White "Krivoshey,S"]
[Black "Kulicov,O"]
[Result "1-0"]
[WhiteElo "2531"]
[BlackElo "2407"]
[EventDate "2006.04.23"]

1. d4 d5 2. c4 e5 3. dxe5 d4 4. Nf3 Nc6 5. g3 Nge7 6. Bg2 Ng6 7. Bg5 Qd7 8.
e6 fxe6 9. O-O e5 10. Bc1 Be7 11. Nbd2 Qf5 12. Ne1 Qh5 13. Nd3 Bh3 14. Ne4
Bxg2 15. Kxg2 O-O-O 16. c5 Qf5 17. f3 h5 18. b4 h4 19. g4 h3+ 20. Kg1 Qe6
21. b5 Nb8 22. Qa4 a6 23. c6 b6 24. Bd2 axb5 25. Qxb5 Qxc6 26. Qb2 Qd5 27.
Rfc1 Kd7 28. a4 Nc6 29. Rc2 Rc8 30. Rac1 Na5 31. Bxa5 Qxa5 32. Qb3 Rhf8 33.
Rc6 Bd6 34. Nxd6 cxd6 35. Rxc8 Rxc8 36. Rxc8 Kxc8 37. Qe6+ Kc7 38. Qxg6
Qxa4 39. Qf7+ Qd7 40. Qxd7+ Kxd7 41. Kf1 Kc6 42. Ke1 Kd5 43. Kd2 b5 44. Nf2
Kc4 45. Nxh3 1-0